000 00515nam a2200157Ia 4500
008 210716s2006 xx 000 0 und d
020 _a9788178296593
041 _aeng
082 _a658.409 SANS
100 _aSanghi, Seema.
245 _aTowards personal excellence: psychometric tests and self-imrovement techniques for managers.
_bPsychometric tests and self-imrovement techniques for managers.
250 _a1
260 _aNew Delhi
_bResponse Books
_c2006
300 _a293
650 _aGeneral Management
999 _c202517
_d202517